Normal view
MARC view
- AMERICA LATINA -
Entry Nombre Geográfico
001 - NÚMERO DE CONTROL
- campo de control: 3993
003 - IDENTIFICADOR DE NUMERO DE CONTROL
- campo de control: UPN
005 - FECHA Y HORA DE LA ÜLTIMA TRANSACCIÓN
- campo de control: 20210219193637.0
008 - DATOS DE LONGITUD FIJA
- campo de control de longitud fija: nabaccnnaabn|||||||||| b |nc|||||d
035 ## - NÚMERO DE CONTROL
- Número de control: UPN10000003993
040 ## - FUENTE DE CATALOGACIÓN
- Lenguaje de catalogación: SPA
- Agencia de transcripción: UPN
053 #4 - NÚMERO DE CLASIFICACIÓN LC
- Elemento de número de clasificación-número único o número de inicio de tramo: F1414.2
151 ## - ENCABEZAMIENTO - NOMBRE GEOGRÁFICO
- Nombre geográfico: AMERICA LATINA -
- Subdivisión general : POLITICA Y GOBIERNO -
- Subdivisión cronológica : 1948-
670 ## - FUENTE EN LA QUE SE LOCALIZARON DATOS
- Cita de la fuente: LC
- Información localizada: Latin America - Politics and government - 1948-
902 ## - CATALOGADOR
- Catalogador: MEEG/041196
